The armies of God : (Record no. 53542)

MARC details
000 -LEADER
fixed length control field 00833nam a22002297a 4500
005 - DATE AND TIME OF LATEST TRANSACTION
control field 20110630114551.0
008 - FIXED-LENGTH DATA ELEMENTS--GENERAL INFORMATION
fixed length control field 110630t xxu||||| |||| 00| 0 eng d
010 ## - LCCN (DPL NO)
LC control number ENG-102836
020 ## - INTERNATIONAL STANDARD BOOK NUMBER
Terms of availability 250.00
International Standard Book Number 8185569819
035 ## - SYSTEM CONTROL NUMBER
System control number EN-86369
037 ## - SOURCE OF ACQUISITION
Source of stock number/acquisition DBAD/PUB
040 ## - CATALOGING SOURCE
Original cataloging agency dpl
Language of cataloging English
082 ## - DEWEY DECIMAL CLASSIFICATION NUMBER
Classification number 269.2
100 ## - MAIN ENTRY--PERSONAL NAME
9 (RLIN) 29042
Personal name Buchanan,Iain
245 ## - TITLE STATEMENT
Title The armies of God :
Remainder of title a study in militant Christianity /
Statement of responsibility, etc by Iain Buchanan
260 ## - PUBLICATION, DISTRIBUTION, ETC. (IMPRINT)
Place of publication, distribution, etc Goa
Name of publisher, distributor, etc Other India Press
Date of publication, distribution, etc 2011
270 ## - ADDRESS
Address G-8,St.Britto's Apartments,Feira Alta,Mapusa
City Goa
Postal code 403507
300 ## - PHYSICAL DESCRIPTION
Extent 400p.
Other physical details 22cm (pbk)
500 ## - GENERAL NOTE
General note Includes index
942 ## - ADDED ENTRY ELEMENTS (KOHA)
Source of classification or shelving scheme Dewey Decimal Classification
Item type English Books
Call number suffix BUC
Classification part 269.2
Holdings
Withdrawn status Lost status Source of classification or shelving scheme Damaged status Not for loan Collection code Home library Current library Date acquired Source of acquisition Cost, normal purchase price Total Checkouts Full call number Barcode Date last seen Copy number Cost, replacement price Koha item type
    Dewey Decimal Classification   Not For Loan Non-fiction D.B.Act.Division D.B.Act.Division 01/07/2011 DBAD / PUB 250.00   269.2 BUC EN-86369 01/07/2011 1 250.00 English Books

© Delhi Public Library
Hit Counter
free hit counter